| 000 | 00500nam a22001697a 4500 | ||
|---|---|---|---|
| 005 | 20240108110559.0 | ||
| 008 | 220209b ||||| |||| 00| 0 eng d | ||
| 020 | _a978-81-85790-33-6 | ||
| 041 | _aeng | ||
| 082 | _a610.01 | ||
| 100 |
_aSHAH, Y.I , PARADKAR Dr. A. R AND DHAYAGUDE M.G _98277 |
||
| 245 | _aINTRODUCTION TO BIOSTATISTICS AND COMPUTER SCIENCE: FOR PHARMACY AND MEDICAL STUDENTS | ||
| 260 |
_aPUNE _bNIRALI PRAKASHAN |
||
| 300 | _aI.2;p | ||
| 650 |
_aPHARMACY _xB.PHARMA |
||
| 942 | _cBK | ||
| 999 |
_c7890 _d7888 |
||